| 000 | 00494nam a2200169Ia 4500 | ||
|---|---|---|---|
| 008 | 151213s9999 xx 000 0 und d | ||
| 020 | _a978-81-317-2563-4 | ||
| 082 |
_a337 _b337 |
||
| 100 | _apaul R.Krugman, Maurice obstfeld | ||
| 245 |
_aInternational Economics Theory & Policy _cpaul R.Krugman, Maurice obstfeld |
||
| 260 |
_aNew Delhi _bPearson _c2009 |
||
| 300 | _a10819 p. | ||
| 650 | _aEconomics | ||
| 650 | _aEconomics | ||
| 700 | _apaul R.Krugman, Maurice obstfeld | ||
| 999 |
_c4905 _d4905 |
||